000 00391nam a2200145Ia 4500
008 240729s9999 xx 000 0 und d
022 _a2960-110X
245 0 _aJournal of the Colleges of Medicine of South Africa
260 _aSouth Africa
260 _bAOSIS
650 _aMedicine
856 _uhttps://doaj.org/toc/4ae933d2384b46949c37980ff1fec1d6
942 _2ddc
942 _cDOAJEJ
999 _c74684
_d74684
945 _a1
_bMadushi Gamage
_c1
_dMadushi Gamage